000
00362nam a2200157Ia 4500
008
170203s9999 xx 000 0 und d
020
_a
0-439853192
050
_a
Fic
050
_b
.K97d 2004
100
_a
Kutner, Merrily
245
_a
Down on the Farm /
260
_a
New York:
260
_b
Scholastic Inc.,
260
_c
2004
300
_b
col. ill. ;
999
_c
306070
_d
306070